Current Trends in the Accession Process to the European Union
Súčasná politika rozširovania Európskej únie. Aktuálne podmienky prístupu nových krajín do EÚ a postupy. Pokrok kandidátskych krajín v prístupovom procese - Turecko, Ukrajina, Srbsko, Bosna a Hercegovina, Albánsko, Moldavsko, atď.
Salvato in:
| Autore principale: | |
|---|---|
| Natura: | Capitolo di libro |
| Lingua: | inglese |
| Soggetti: | |
| Tags: |
Nessun Tag, puoi essere il primo ad aggiungerne!!
|
MARC
| LEADER | 00000naa$a2200000$$$4500 | ||
|---|---|---|---|
| 001 | 0295408 | ||
| 005 | 20240502083950.0 | ||
| 041 | 0 | |a eng | |
| 044 | |a UA | ||
| 245 | 1 | 0 | |a Current Trends in the Accession Process to the European Union |c Lucia Bocková |
| 520 | |a Súčasná politika rozširovania Európskej únie. Aktuálne podmienky prístupu nových krajín do EÚ a postupy. Pokrok kandidátskych krajín v prístupovom procese - Turecko, Ukrajina, Srbsko, Bosna a Hercegovina, Albánsko, Moldavsko, atď. | ||
| 610 | 2 | 0 | |a Európska únia |
| 610 | 2 | 0 | |a integrácia ekonomická medzinárodná |
| 610 | 2 | 0 | |a spolupráca medzinárodná |
| 610 | 2 | 0 | |a úpravy právne |
| 610 | 2 | 0 | |a reformy |
| 610 | 2 | 0 | |a zmluvy |
| 610 | 2 | 0 | |a politika |
| 100 | 1 | |a Bocková, Lucia, 1978- | |